00354pab a2200133 454500008004000000100002500040245004900065260000900114300001100123362001200134650003300146650002000179773002100199180718b2002 xxu||||| |||| 00| 0 eng d aBhattacharya, Sanjoy aPreventive and curative health in South Asia c2002 ap.1-3. aMay-Jun aHealth services - South Asia aHealth services aSocial Scientist